| 000 | 00321nam a2200133 a 4500 | ||
|---|---|---|---|
| 001 | 4174 | ||
| 003 | CDMR | ||
| 005 | 20130116135253.0 | ||
| 008 | 130130s2007||||||||||||||||||||||||||||d | ||
| 040 |
_aCDMR _bcat _cCPC GIRONA |
||
| 245 | 0 |
_aCasas _bGrans genis de l'art a Catalunya |
|
| 260 |
_c2007 _bJaume Fàbregas |
||
| 942 | _cMON | ||
| 999 |
_c4174 _d4174 |
||